[Event "16th WCh U20 Girls"]
[Site "Kozhikode IND"]
[Date "1998.11.20"]
[Round "4"]
[White "Miloradovic, Jelena"]
[Black "Sanchez Castillo, Sarai"]
[Result "1-0"]
[WhiteElo "2130"]
[BlackElo "2075"]
[EventDate "1998.11.17"]
[PlyCount "69"]

1.c4 c5 2.Nf3 Nc6 3.Nc3 g6 4.g3 Bg7 5.Bg2 Nf6 6.e4 d6 7.O-O Bg4 8.h3 Be6 
9.d3 Qc8 10.Kh2 h6 11.Rb1 g5 12.Ng1 g4 13.h4 Nd7 14.Nd5 Nde5 15.a3 Bxd5 
16.cxd5 Nd4 17.Be3 Ng6 18.b4 Qd7 19.bxc5 dxc5 20.f4 gxf3 21.Nxf3 Nxf3+ 22.
Bxf3 Be5 23.h5 Nf8 24.Bg4 e6 25.Bxc5 b6 26.Be3 Qd6 27.Qf3 f5 28.exf5 exd5 
29.d4 Bf6 30.Bf4 Qd7 31.Rfe1+ Kd8 32.Rbc1 Rc8 33.Rxc8+ Qxc8 34.Qxd5+ Nd7 
35.Rc1 1-0

[Event "16th WCh U20 Girls"]
[Site "Kozhikode IND"]
[Date "1998.11.20"]
[Round "4"]
[White "Smajlovic, Lejla"]
[Black "Stumberger, Tania"]
[Result "1-0"]
[WhiteElo "2105"]
[BlackElo "2020"]
[EventDate "1998.11.17"]
[PlyCount "77"]

1.e4 d6 2.d4 Nf6 3.f3 c6 4.c4 g6 5.Nc3 Bg7 6.Be3 Nbd7 7.Nh3 O-O 8.Qd2 e5 
9.d5 cxd5 10.cxd5 Nc5 11.Nf2 a5 12.g4 Bd7 13.Bh6 Qe7 14.h4 Rfc8 15.h5 Bxh6
16.Qxh6 Na6 17.Rh2 Nb4 18.Nh1 a4 19.a3 Na6 20.Ng3 Kh8 21.hxg6 fxg6 22.Qxg6
Rg8 23.Qh6 Bxg4 24.fxg4 Nxg4 25.Qh4 Qxh4 26.Rxh4 Ne3 27.Kf2 Nc2 28.Rc1 
Raf8+ 29.Nf5 Nd4 30.Bh3 Nc5 31.Ke3 Ncb3 32.Rf1 Nc2+ 33.Kd3 Nbd4 34.Ne2 
Ne1+ 35.Ke3 Ng2+ 36.Bxg2 Rxg2 37.Nexd4 exd4+ 38.Kxd4 Rxb2 39.Ra1 1-0

[Event "16th WCh U20 Girls"]
[Site "Kozhikode IND"]
[Date "1998.11.21"]
[Round "5"]
[White "Hoang Thanh Trang"]
[Black "Radziewicz, Iweta"]
[Result "1-0"]
[WhiteElo "2350"]
[BlackElo "2425"]
[EventDate "1998.11.17"]
[PlyCount "78"]

1.d4 g6 2.c4 Bg7 3.e4 d6 4.Nc3 c5 5.d5 e6 6.Nf3 Ne7 7.Be2 O-O 8.O-O exd5 
9.cxd5 f5 10.Re1 a6 11.a4 Kh8 12.Bg5 h6 13.Bxe7 Qxe7 14.exf5 Bxf5 15.Bxa6 
Qf7 16.Bd3 Bg4 17.h3 Bxf3 18.Qxf3 Qxf3 19.gxf3 Be5 20.Kg2 Nd7 21.Ne4 b6 
22.Bb5 Nf6 23.Nxf6 Rxf6 24.Re2 Raf8 25.Ra3 Rf4 26.Rb3 h5 27.Re4 R4f7 28.
Be2 Rb8 29.a5 g5 30.h4 Rg8 31.axb6 gxh4+ 32.Kh3 Rg1 33.f4 Bxf4 34.Rxf4 
Rxf4 35.b7 Rg8 36.b8=Q Rxb8 37.Rxb8+ Kg7 38.b3 Rxf2 39.Bc4 Rf4 1-0

[Event "16th WCh U20 Girls"]
[Site "Kozhikode IND"]
[Date "1998.11.21"]
[Round "5"]
[White "Dworakowska, Joanna"]
[Black "Nguyen Thi Tuong Van"]
[Result "1-0"]
[WhiteElo "2390"]
[BlackElo "2220"]
[EventDate "1998.11.17"]
[PlyCount "81"]

1.e4 c5 2.Nf3 Nc6 3.d4 cxd4 4.Nxd4 g6 5.c4 Nf6 6.Nc3 d6 7.Be2 Nxd4 8.Qxd4 
Bg7 9.Be3 O-O 10.Qd2 Be6 11.Rc1 a6 12.f3 Qa5 13.Nd5 Qxd2+ 14.Kxd2 Bxd5 15.
cxd5 Rfc8 16.b4 Kf8 17.a4 Nd7 18.a5 Bb2 19.Rc2 Rxc2+ 20.Kxc2 Bg7 21.Kb3 
Rc8 22.Bd2 Bd4 23.g4 Bg7 24.g5 Ke8 25.h4 Kf8 26.h5 Rc7 27.f4 Kg8 28.Bg4 
Kf8 29.Bxd7 Rxd7 30.Rc1 Kg8 31.hxg6 hxg6 32.Be3 f6 33.b5 axb5 34.Kb4 fxg5 
35.fxg5 Be5 36.Kxb5 Bg3 37.Kb6 Bh4 38.Rc8+ Kf7 39.Rc7 Rxc7 40.Kxc7 Be1 41.
Bb6 1-0

[Event "16th WCh U20 Girls"]
[Site "Kozhikode IND"]
[Date "1998.11.21"]
[Round "5"]
[White "Xu Yuanyuan"]
[Black "Bekiarisova, Alena"]
[Result "1-0"]
[WhiteElo "2240"]
[BlackElo "2175"]
[EventDate "1998.11.17"]
[PlyCount "85"]

1.d4 d5 2.c4 e6 3.Nc3 Be7 4.Nf3 Nf6 5.cxd5 exd5 6.Bg5 O-O 7.e3 h6 8.Bf4 b6
9.Bd3 c5 10.O-O Be6 11.Ne5 Qc8 12.dxc5 bxc5 13.Bb5 Rd8 14.Rc1 a6 15.Qa4 
Bf8 16.Be2 d4 17.Bf3 Ra7 18.Nb5 Re7 19.Nxd4 Bd5 20.h3 Rb7 21.Qc2 Nbd7 22.
e4 Rb4 23.Nxd7 Qxd7 24.exd5 cxd4 25.a3 d3 26.Qd2 Ra4 27.Bc7 Rc8 28.d6 Rd4 
29.Bb7 Re8 30.Bc6 Re2 31.Qc3 Qxc6 32.Qxc6 Re6 33.Qa8 Ne4 34.Rcd1 d2 35.Qa7
Rd5 36.Qb7 Rd4 37.Qb6 Rd5 38.Qb3 Rb5 39.Qc2 Rd5 40.f3 Ng3 41.Rxd2 Nxf1 42.
Kxf1 Rde5 43.Rd1 1-0

[Event "16th WCh U20 Girls"]
[Site "Kozhikode IND"]
[Date "1998.11.21"]
[Round "5"]
[White "Ratcu, Tatiana"]
[Black "Shah, Pallavi G."]
[Result "1/2-1/2"]
[WhiteElo "2195"]
[BlackElo "2130"]
[EventDate "1998.11.17"]
[PlyCount "46"]

1.d4 Nf6 2.Nf3 g6 3.Nbd2 c5 4.c3 Bg7 5.e4 cxd4 6.cxd4 d6 7.Bb5+ Bd7 8.
Bxd7+ Nfxd7 9.O-O O-O 10.Nb1 Nc6 11.Nc3 Rc8 12.Be3 Nb6 13.b3 d5 14.Qd2 e5 
15.exd5 Nxd5 16.Nxd5 Qxd5 17.dxe5 Qxd2 18.Bxd2 Nxe5 19.Nxe5 Bxe5 20.Rac1 
Bb2 21.Rxc8 Rxc8 22.Be3 a6 23.Rd1 Bf6 1/2-1/2

[Event "16th WCh U20 Girls"]
[Site "Kozhikode IND"]
[Date "1998.11.21"]
[Round "5"]
[White "Kouvatsou, Maria"]
[Black "Werner, Isabel"]
[Result "0-1"]
[WhiteElo "2120"]
[BlackElo "2195"]
[EventDate "1998.11.17"]
[PlyCount "61"]

1.e4 c6 2.d4 d5 3.Nc3 dxe4 4.Nxe4 Bf5 5.Ng3 Bg6 6.h4 h6 7.Nf3 Nd7 8.Be2 e6
9.O-O Bd6 10.h5 Bh7 11.Nd2 Qh4 12.Nc4 Bc7 13.Bf3 Ne7 14.Re1 Bxg3 15.fxg3 
Qxg3 16.b3 O-O 17.Ba3 Qh4 18.Na5 Rfc8 19.Nxb7 Nf5 20.c3 Nf6 21.Re5 Nd5 22.
Bxd5 cxd5 23.Nc5 Ng3 24.Qe1 Qh1+ 25.Kf2 Qh2 26.Rc1 Rxc5 27.dxc5 Ne4+ 28.
Rxe4 Bxe4 29.Ke3 Qxg2 30.b4 Qh3+ 31.Kd4 0-1

[Event "16th WCh U20 Girls"]
[Site "Kozhikode IND"]
[Date "1998.11.21"]
[Round "5"]
[White "Houska, Jovanka"]
[Black "Dokmanovic, Nina"]
[Result "1-0"]
[WhiteElo "2190"]
[BlackElo "2120"]
[EventDate "1998.11.17"]
[PlyCount "129"]

1.e4 e5 2.Nf3 Nc6 3.d4 exd4 4.Nxd4 Bc5 5.Nf5 d6 6.Ne3 Nf6 7.Nc3 O-O 8.Bd3 
Re8 9.O-O Ne5 10.h3 c6 11.Kh1 Nxd3 12.cxd3 Bb6 13.Qf3 Be6 14.Nf5 Bxf5 15.
Qxf5 Qd7 16.Qf3 d5 17.Bg5 Re6 18.e5 Rxe5 19.Bxf6 gxf6 20.Qxf6 Qe7 21.Qh6 
Re8 22.f4 Re6 23.Qh5 Bc7 24.d4 Qf6 25.Rac1 Bb8 26.Rcd1 Re3 27.Rf3 Re1+ 28.
Rxe1 Rxe1+ 29.Kh2 Kh8 30.Qg4 Qe6 31.Qh4 Qe7 32.Qg4 Qe6 33.Qg5 Qe7 34.Qh6 
Re6 35.Qh5 Qf6 36.Nd1 Qg6 37.Qh4 Qf6 38.Qxf6+ Rxf6 39.g3 Re6 40.Re3 Rxe3 
41.Nxe3 Kg7 42.Kg2 Bc7 43.Kf3 Bb6 44.g4 Kf6 45.Nf5 Bc7 46.Ng3 Bb6 47.Ke3 
Bc7 48.h4 Ke7 49.Nf5+ Kf6 50.h5 Bb8 51.Nh4 Bc7 52.g5+ Kg7 53.f5 Bd6 54.f6+
Kf8 55.Nf5 Bc7 56.Kf3 Bb8 57.Kg4 Bc7 58.Nh4 Bb6 59.Nf3 Bd8 60.Kf5 Bb6 61.
g6 hxg6+ 62.hxg6 c5 63.gxf7 Kxf7 64.Ng5+ Kf8 65.Kg6 1-0

[Event "16th WCh U20 Girls"]
[Site "Kozhikode IND"]
[Date "1998.11.21"]
[Round "5"]
[White "Swathi, Gathe"]
[Black "Smajlovic, Lejla"]
[Result "1-0"]
[WhiteElo "2190"]
[BlackElo "2105"]
[EventDate "1998.11.17"]
[PlyCount "44"]

1.e4 e6 2.d4 d5 3.e5 c5 4.c3 Nc6 5.Nf3 Qb6 6.a3 c4 7.Be2 Bd7 8.Nbd2 Na5 9.
O-O Ne7 10.Rb1 h6 11.h3 O-O-O 12.b3 cxb3 13.c4 Ba4 14.Bb2 Kb8 15.Rc1 Ng6 
16.cxd5 Rxd5 17.Nb1 Rd8 18.Qd2 Bb5 19.Bxb5 Qxb5 20.Nc3 Qb6 21.Ne4 Nc4 22.
Qc3 Rc8 1-0

[Event "16th WCh U20 Girls"]
[Site "Kozhikode IND"]
[Date "1998.11.21"]
[Round "5"]
[White "Le Thi Phuong Lien"]
[Black "Khamrakulova, Iroda"]
[Result "1/2-1/2"]
[WhiteElo "2135"]
[BlackElo "2145"]
[EventDate "1998.11.17"]
[PlyCount "112"]

1.d4 Nf6 2.Nf3 e6 3.Bf4 d5 4.e3 Bd6 5.Ne5 O-O 6.Bd3 c5 7.c3 Qc7 8.Nd2 Nc6 
9.Ndf3 h6 10.h3 c4 11.Bc2 b5 12.O-O Bb7 13.Nxc6 Bxc6 14.Ne5 Bb7 15.Qf3 Qd8
16.Rad1 a5 17.g4 Ne4 18.Qg2 Be7 19.Bb1 Nd6 20.f3 Bg5 21.Qc2 f5 22.Rde1 Bf6
23.Ng6 Rf7 24.Qh2 Ra6 25.Bxd6 Rxd6 26.gxf5 exf5 27.Bxf5 Bg5 28.e4 Rb6 29.
h4 Be7 30.Qh3 Rff6 31.h5 dxe4 32.fxe4 Rfd6 33.e5 Rdc6 34.Bd7 Rxg6+ 35.hxg6
Rxg6+ 36.Kh2 Rg2+ 37.Qxg2 Bxg2 38.Be6+ Kh8 39.Kxg2 b4 40.Re4 bxc3 41.bxc3 
Qb6 42.d5 Qb2+ 43.Rf2 Qxc3 44.d6 Qd3 45.Rxc4 Qg6+ 46.Bg4 Bxd6 47.Rc8+ Kh7 
48.Kh3 Qd3+ 49.Rf3 Qd1 50.exd6 Qh1+ 51.Kg3 Qg1+ 52.Kh4 Qh1+ 53.Rh3 Qe1+ 
54.Rg3 Qh1+ 55.Bh3 Qe4+ 56.Rg4 Qe1+ 1/2-1/2

[Event "16th WCh U20 Girls"]
[Site "Kozhikode IND"]
[Date "1998.11.21"]
[Round "5"]
[White "Humpy, Koneru"]
[Black "Meenakshi, Subbaraman"]
[Result "1-0"]
[WhiteElo "2140"]
[BlackElo "2115"]
[EventDate "1998.11.17"]
[PlyCount "81"]

1.g3 d5 2.Bg2 c5 3.Nf3 Nc6 4.d4 e6 5.O-O Nf6 6.c4 cxd4 7.cxd5 exd5 8.Nxd4 
Be7 9.Nc3 O-O 10.Bf4 Be6 11.Rc1 Rc8 12.Qd2 Na5 13.Nxe6 fxe6 14.Bh3 Rc6 15.
Qd3 Nh5 16.e3 Bf6 17.Qe2 g6 18.Nb5 e5 19.Bh6 Bg7 20.Bxg7 Nxg7 21.Nxa7 Rxc1
22.Rxc1 Nc4 23.Nb5 e4 24.Nc3 Ne5 25.Qb5 Nf3+ 26.Kg2 Ng5 27.Bg4 h5 28.Bd1 
d4 29.Qc4+ Kh7 30.Qxd4 Qc8 31.g4 hxg4 32.Qe5 Nf3 33.Qxe4 Qc7 34.Bxf3 gxf3+
35.Kh1 Rf5 36.Rg1 Qd8 37.Qg4 g5 38.Ne4 Kg8 39.Nxg5 Qf6 40.Ne6 Kf7 41.Nxg7 
1-0

[Event "16th WCh U20 Girls"]
[Site "Kozhikode IND"]
[Date "1998.11.21"]
[Round "5"]
[White "Jackova, Jana"]
[Black "Ramaswamy, Aarthie"]
[Result "1-0"]
[WhiteElo "2205"]
[BlackElo "2035"]
[EventDate "1998.11.17"]
[PlyCount "55"]

1.e4 c5 2.Nf3 Nc6 3.d4 cxd4 4.Nxd4 Nf6 5.Nc3 d6 6.Bc4 e6 7.Be3 Be7 8.Qe2 
a6 9.Bb3 Qc7 10.O-O-O O-O 11.g4 Nd7 12.Rhg1 Nc5 13.g5 b5 14.Bd5 Bb7 15.Nf5
Rfc8 16.Rg3 Ne5 17.Qh5 Ng6 18.Rh3 Nf8 19.Nxg7 Kxg7 20.Bd4+ Kg8 21.Qh6 e5 
22.g6 Bg5+ 23.Qxg5 Nxg6 24.Bxc5 dxc5 25.Qh6 b4 26.Rg1 Bxd5 27.Nxd5 Qd6 28.
Rxg6+ 1-0

[Event "16th WCh U20 Girls"]
[Site "Kozhikode IND"]
[Date "1998.11.21"]
[Round "5"]
[White "Swati, Mohota"]
[Black "Miloradovic, Jelena"]
[Result "1/2-1/2"]
[WhiteElo "2100"]
[BlackElo "2130"]
[EventDate "1998.11.17"]
[PlyCount "43"]

1.d4 e6 2.c4 b6 3.Nc3 Bb7 4.e4 Bb4 5.Bd3 f5 6.Qe2 fxe4 7.Bxe4 Bxc3+ 8.bxc3
Bxe4 9.Qxe4 Na6 10.Bg5 Nf6 11.Qb7 Qc8 12.Qf3 O-O 13.Ne2 c5 14.Rc1 Ne8 15.
Qg3 Qc6 16.O-O Qa4 17.Qd3 Nf6 18.d5 Nc7 19.Bf4 Nce8 20.d6 Qc6 21.f3 Nh5 
22.Be5 1/2-1/2

[Event "16th WCh U20 Girls"]
[Site "Kozhikode IND"]
[Date "1998.11.22"]
[Round "6"]
[White "Miroslawska, Monika"]
[Black "Hoang Thanh Trang"]
[Result "1/2-1/2"]
[WhiteElo "2470"]
[BlackElo "2350"]
[EventDate "1998.11.17"]
[PlyCount "103"]

1.d4 f5 2.g3 g6 3.Bg2 Bg7 4.Nf3 Nf6 5.O-O O-O 6.b4 d5 7.Bb2 Nbd7 8.Nbd2 c6
9.c4 dxc4 10.Nxc4 Nb6 11.Nce5 Be6 12.a4 a5 13.bxa5 Rxa5 14.Bc3 Ra8 15.Ng5 
Bd5 16.a5 Nc4 17.Nxc4 Bxc4 18.Qa4 Bd5 19.f3 h6 20.Nh3 g5 21.Nf2 Be6 22.e4 
fxe4 23.fxe4 Qe8 24.Qb4 Rb8 25.Rad1 Qf7 26.Nd3 Bg4 27.Rde1 Qh5 28.Qb2 Bh3 
29.Bxh3 Qxh3 30.Qg2 Qxg2+ 31.Kxg2 Nd7 32.Rxf8+ Kxf8 33.Rc1 Ra8 34.Kf3 Kf7 
35.Ke3 c5 36.Nxc5 Nxc5 37.dxc5 Bxc3 38.Rxc3 Rxa5 39.Kd4 Ke6 40.Rb3 Ra4+ 
41.Kd3 Ra2 42.Rb6+ Ke5 43.Rxh6 Ra3+ 44.Kc4 Ra4+ 45.Kb5 Ra2 46.Rh7 Rb2+ 47.
Kc4 e6 48.Kc3 Rb5 49.Rg7 Rxc5+ 50.Kd3 Kf6 51.Rxb7 Ra5 52.Rb4 1/2-1/2

[Event "16th WCh U20 Girls"]
[Site "Kozhikode IND"]
[Date "1998.11.22"]
[Round "6"]
[White "Lakos, Nikoletta"]
[Black "Vijayalakshmi, Subbaraman"]
[Result "1/2-1/2"]
[WhiteElo "2385"]
[BlackElo "2335"]
[EventDate "1998.11.17"]
[PlyCount "101"]

1.e4 e5 2.Nf3 Nc6 3.Bc4 Bc5 4.O-O Nf6 5.d3 d6 6.c3 Bb6 7.Nbd2 O-O 8.Bb3 
Be6 9.Nc4 h6 10.a4 Re8 11.h3 d5 12.Ncxe5 Nxe5 13.Nxe5 dxe4 14.Bf4 c6 15.
dxe4 Bc7 16.Bxe6 Rxe6 17.Qxd8+ Rxd8 18.Nxf7 Rd7 19.Bxc7 Rxc7 20.e5 Kxf7 
21.exf6 Kxf6 22.Rfe1 Rd6 23.Re2 c5 24.f3 c4 25.a5 Rd5 26.Ra4 Rb5 27.Re4 
Rxb2 28.Rf4+ Kg6 29.Rg4+ Kf6 30.Rf4+ Kg6 31.Rfxc4 Rxc4 32.Rxc4 Rb5 33.Ra4 
Rc5 34.c4 h5 35.h4 Kf6 36.Kf2 Rc6 37.Rb4 Ra6 38.Rb5 g6 39.g4 hxg4 40.fxg4 
Rc6 41.g5+ Ke6 42.Rxb7 Rxc4 43.Rxa7 Rxh4 44.Rb7 Rf4+ 45.Ke3 Rf5 46.Rb6+ 
Ke7 47.Rb7+ Ke6 48.Rb6+ Ke7 49.Rxg6 Rxa5 50.Kf4 Kf7 51.Rb6 1/2-1/2

[Event "16th WCh U20 Girls"]
[Site "Kozhikode IND"]
[Date "1998.11.22"]
[Round "6"]
[White "Nguyen Thi Tuong Van"]
[Black "Jackova, Jana"]
[Result "1-0"]
[WhiteElo "2220"]
[BlackElo "2205"]
[EventDate "1998.11.17"]
[PlyCount "63"]

1.e4 e5 2.Nf3 Nc6 3.d4 exd4 4.Nxd4 Bc5 5.Nxc6 Qf6 6.Qd2 dxc6 7.Bd3 Ne7 8.
Qf4 Ng6 9.Qxf6 gxf6 10.Nd2 Nf4 11.Bf1 Rg8 12.Nb3 Bb4+ 13.c3 Bd6 14.g3 Ne6 
15.Be3 a5 16.a4 Bd7 17.f4 c5 18.Bc4 h5 19.Kf2 b6 20.Nd2 c6 21.h4 Nc7 22.
Be2 b5 23.Bxh5 c4 24.Bf3 Ra6 25.Rhd1 Ke7 26.axb5 cxb5 27.e5 fxe5 28.Ne4 
exf4 29.gxf4 Ne6 30.f5 Nf4 31.f6+ Ke6 32.Bxf4 1-0

[Event "16th WCh U20 Girls"]
[Site "Kozhikode IND"]
[Date "1998.11.22"]
[Round "6"]
[White "Bekiarisova, Alena"]
[Black "Shah, Pallavi G."]
[Result "1/2-1/2"]
[WhiteElo "2175"]
[BlackElo "2130"]
[EventDate "1998.11.17"]
[PlyCount "86"]

1.e4 c5 2.Nf3 d6 3.d4 cxd4 4.Nxd4 Nf6 5.Nc3 a6 6.Be2 e5 7.Nb3 Be7 8.O-O 
O-O 9.f4 b5 10.Bf3 Nbd7 11.a4 Bb7 12.Qe1 Qc7 13.Rf2 b4 14.Nd1 d5 15.exd5 
Nxd5 16.Kh1 Rfe8 17.Re2 Bd6 18.f5 N7f6 19.Nf2 h6 20.Ne4 Nxe4 21.Bxe4 Nf6 
22.Bxb7 Qxb7 23.Qh4 Qe7 24.Nd2 e4 25.Nc4 Be5 26.Rb1 Rad8 27.Bd2 Rd4 28.Ne3
Qd6 29.Be1 Bf4 30.h3 Bxe3 31.Rxe3 Rd1 32.Rxd1 Qxd1 33.Kh2 Qxc2 34.Rg3 Kh7 
35.Bxb4 e3 36.Qd4 Qe4 37.Qxe4 Rxe4 38.Be1 Nd5 39.a5 Nf4 40.Bc3 f6 41.Rg4 
h5 42.Rh4 Rc4 43.Be1 Kh6 1/2-1/2

[Event "16th WCh U20 Girls"]
[Site "Kozhikode IND"]
[Date "1998.11.22"]
[Round "6"]
[White "Khamrakulova, Iroda"]
[Black "Swati, Mohota"]
[Result "0-1"]
[WhiteElo "2145"]
[BlackElo "2100"]
[EventDate "1998.11.17"]
[PlyCount "53"]

1.e4 c6 2.d4 d5 3.Nd2 dxe4 4.Nxe4 Nd7 5.Nf3 Ngf6 6.Ng3 e6 7.Bd3 c5 8.c3 
Qc7 9.O-O Bd6 10.Re1 O-O 11.Qe2 Rd8 12.Bc2 b6 13.Ne4 Nxe4 14.Qxe4 Nf8 15.
dxc5 bxc5 16.Qh4 Bb7 17.Ng5 h6 18.Ne4 Ng6 19.Qh5 Bf4 20.Qxc5 Bxh2+ 21.Kh1 
Rd5 22.Qxc7 Bxc7 23.Kg1 Rad8 24.Be3 Rb5 25.Rad1 Nh4 26.a4 Rh5 27.Bxa7 0-1

[Event "16th WCh U20 Girls"]
[Site "Kozhikode IND"]
[Date "1998.11.22"]
[Round "6"]
[White "Meenakshi, Subbaraman"]
[Black "Dokmanovic, Nina"]
[Result "1/2-1/2"]
[WhiteElo "2115"]
[BlackElo "2120"]
[EventDate "1998.11.17"]
[PlyCount "113"]

1.d4 Nf6 2.c4 g6 3.Nc3 Bg7 4.Nf3 O-O 5.g3 d6 6.Bg2 Nbd7 7.O-O e5 8.e4 a6 
9.a4 a5 10.d5 Nc5 11.Ne1 Nh5 12.Be3 b6 13.Rb1 Bd7 14.b3 Qc8 15.Nd3 Nxd3 
16.Qxd3 f5 17.exf5 Bxf5 18.Ne4 Nf6 19.f3 Rf7 20.Qd2 Qa6 21.Rbe1 Raf8 22.
Ng5 Re7 23.Rf2 Qc8 24.Ref1 Rfe8 25.Ne4 Rf8 26.Bg5 Ref7 27.Be3 Nxe4 28.fxe4
Bg4 29.Rxf7 Rxf7 30.Rxf7 Kxf7 31.Qf2+ Kg8 32.Bf3 Bd7 33.Bd1 Qd8 34.Bd2 Bf6
35.Qe3 Be7 36.Qh6 Bc8 37.Qe3 Qf8 38.Qf2 Qd8 39.Qe3 Qf8 40.Be2 Bd8 41.b4 
axb4 42.Bxb4 Qe8 43.Bd1 Qe7 44.Bb3 Qe8 45.Qd2 Bd7 46.a5 bxa5 47.Bxa5 Ba4 
48.Qc2 Bd7 49.Qf2 c5 50.dxc6 Bxc6 51.Bxd8 Qxd8 52.c5+ Kg7 53.Qf7+ Kh6 54.
Bd5 Bxd5 55.Qxd5 Qa5 56.cxd6 Qe1+ 57.Kg2 1/2-1/2

[Event "16th WCh U20 Girls"]
[Site "Kozhikode IND"]
[Date "1998.11.22"]
[Round "6"]
[White "Swathi, Gathe"]
[Black "Stumberger, Tania"]
[Result "1-0"]
[WhiteElo "2190"]
[BlackElo "2020"]
[EventDate "1998.11.17"]
[PlyCount "111"]

1.e4 d6 2.d4 Nf6 3.Nc3 g6 4.g3 Bg7 5.Bg2 O-O 6.Nge2 c6 7.a4 a5 8.O-O e5 9.
h3 Be6 10.Be3 Bc4 11.Re1 Na6 12.Qd2 Qc7 13.Rad1 Bxe2 14.Qxe2 Rfe8 15.Qf3 
Nb4 16.Re2 d5 17.exd5 Nfxd5 18.Nxd5 Nxd5 19.Red2 Nxe3 20.fxe3 exd4 21.exd4
Re7 22.c3 Rae8 23.Kh2 Re3 24.Qf2 Bh6 25.d5 cxd5 26.Bxd5 R3e5 27.Rc2 Be3 
28.Qg2 R8e7 29.c4 Rg5 30.Rf1 Bc5 31.Rf3 b6 32.Qf1 Rge5 33.Rg2 Kg7 34.Rf4 
h6 35.Rf6 Bd4 36.Rc6 Qd7 37.Qf6+ Kg8 38.Bxf7+ Rxf7 39.Qxg6+ Kh8 40.Rd6 Qe7
41.Rxd4 Rf6 42.Qd3 Qc5 43.Rd7 Re7 44.Rd5 Qe3 45.Qxe3 Rxe3 46.c5 Rb3 47.h4 
bxc5 48.Rxc5 Rfb6 49.Rxa5 Rxb2 50.Ra7 Rxg2+ 51.Kxg2 Rb3 52.Rf7 Ra3 53.Rf4 
Kg7 54.h5 Rc3 55.Kh3 Ra3 56.Kg4 1-0

[Event "16th WCh U20 Girls"]
[Site "Kozhikode IND"]
[Date "1998.11.22"]
[Round "6"]
[White "Sanchez Castillo, Sarai"]
[Black "Smajlovic, Lejla"]
[Result "0-1"]
[WhiteElo "2075"]
[BlackElo "2105"]
[EventDate "1998.11.17"]
[PlyCount "106"]

1.e4 e6 2.d4 d5 3.exd5 exd5 4.Bd3 Bd6 5.Qf3 Be6 6.Ne2 Nf6 7.h3 c6 8.O-O 
Nbd7 9.Re1 O-O 10.Bf4 Nb6 11.Nd2 Nc4 12.b3 Bxf4 13.Qxf4 Nd6 14.Ng3 Re8 15.
Nf3 h6 16.Ne5 Re7 17.c4 dxc4 18.bxc4 Qc7 19.Rac1 Qd8 20.Ng4 Nxg4 21.hxg4 
Rd7 22.Re5 Ne8 23.Ne2 Qf6 24.Qe4 g6 25.d5 Nd6 26.Qe3 cxd5 27.cxd5 Bxg4 28.
f3 Bf5 29.Bxf5 Nxf5 30.Qc3 Qb6+ 31.Kf1 Rad8 32.g4 Ne7 33.Qd2 Rxd5 34.Rxd5 
Nxd5 35.Qxh6 Qe6 36.Kf2 Nb4 37.Rh1 Qe5 38.Qh7+ Kf8 39.Qh8+ Qxh8 40.Rxh8+ 
Ke7 41.Rxd8 Kxd8 42.a4 Nd5 43.f4 Kc7 44.Kf3 Kb6 45.Ke4 Nf6+ 46.Kf3 Ka5 47.
Nc3 a6 48.g5 Nd7 49.Ne4 Kxa4 50.Nd6 b5 51.Nxf7 b4 52.Ne5 Nxe5+ 53.fxe5 Kb5
0-1

[Event "16th WCh U20 Girls"]
[Site "Kozhikode IND"]
[Date "1998.11.22"]
[Round "6"]
[White "Miloradovic, Jelena"]
[Black "Ramaswamy, Aarthie"]
[Result "1/2-1/2"]
[WhiteElo "2130"]
[BlackElo "2035"]
[EventDate "1998.11.17"]
[PlyCount "105"]

1.c4 e5 2.Nc3 Nc6 3.Nf3 Nf6 4.d4 exd4 5.Nxd4 Bc5 6.Nxc6 bxc6 7.g3 Bb4 8.
Bd2 O-O 9.Bg2 Re8 10.O-O Bxc3 11.Bxc3 Ne4 12.Bd4 Qe7 13.Qc2 d6 14.f3 c5 
15.Bxg7 Nxg3 16.hxg3 Qe3+ 17.Rf2 Kxg7 18.Rd1 Rb8 19.b3 f5 20.Rd3 Qe5 21.f4
Qf6 22.Bc6 Re7 23.Rh2 h6 24.Kf2 Bd7 25.Bxd7 Rxd7 26.Rd5 Rf8 27.Rh5 Rdf7 
28.Rhxf5 Qxf5 29.Rxf5 Rxf5 30.Qc3+ R5f6 31.Qa5 Re6 32.Qxa7 Rfe8 33.Qxc7+ 
R8e7 34.Qc6 Rxe2+ 35.Kf3 h5 36.f5 R2e3+ 37.Kf4 Rd3 38.Qh1 Rde3 39.Qd5 R7e5
40.Qxd6 R5e4+ 41.Kg5 Rg4+ 42.Kxh5 Rgxg3 43.Kh4 Rg1 44.Qxc5 Re4+ 45.Kh3 
Reg4 46.Qe5+ Kh7 47.Qe7+ Rg7 48.Qe4 Kg8 49.Kh2 R1g5 50.Qe8+ Kh7 51.f6 Rg2+
52.Kh1 Rg1+ 53.Kh2 1/2-1/2

[Event "16th WCh U20 Girls"]
[Site "Kozhikode IND"]
[Date "1998.11.24"]
[Round "7"]
[White "Dworakowska, Joanna"]
[Black "Miroslawska, Monika"]
[Result "0-1"]
[WhiteElo "2390"]
[BlackElo "2470"]
[EventDate "1998.11.17"]
[PlyCount "58"]

1.e4 e6 2.Qe2 c5 3.g3 Nc6 4.Nf3 g6 5.Bg2 Bg7 6.O-O Nge7 7.c3 d6 8.Na3 O-O 
9.Nc2 h6 10.d4 cxd4 11.cxd4 g5 12.h4 gxh4 13.Nxh4 Ng6 14.Nf3 f5 15.exf5 
exf5 16.Nh2 Qf6 17.d5 Nce5 18.f4 Ng4 19.Nxg4 fxg4 20.Ne3 h5 21.Qd3 Ne7 22.
a4 Nf5 23.Re1 h4 24.gxh4 Qxh4 25.Nc2 Nd4 26.Bd2 Bf5 27.Qxd4 Bxd4+ 28.Nxd4 
g3 29.Ra3 Qh2+ 0-1

[Event "16th WCh U20 Girls"]
[Site "Kozhikode IND"]
[Date "1998.11.24"]
[Round "7"]
[White "Ratcu, Tatiana"]
[Black "Radziewicz, Iweta"]
[Result "0-1"]
[WhiteElo "2195"]
[BlackElo "2425"]
[EventDate "1998.11.17"]
[PlyCount "188"]

1.d4 Nf6 2.Nf3 b6 3.Nbd2 Bb7 4.e3 c5 5.Bd3 g6 6.O-O Bg7 7.c3 O-O 8.e4 cxd4
9.cxd4 d6 10.Re1 e6 11.Nf1 Nc6 12.Bg5 h6 13.Bh4 Qd7 14.Rc1 Nh5 15.Bb1 Rac8
16.Qd2 Na5 17.b3 Rxc1 18.Rxc1 Rc8 19.Ng3 Nxg3 20.Bxg3 Rxc1+ 21.Qxc1 Nc6 
22.Qd2 d5 23.e5 Ba6 24.h4 Ne7 25.Bf4 Qb5 26.Bc2 Qf1+ 27.Kh2 Be2 28.Qe1 
Qxe1 29.Nxe1 Nc6 30.Be3 Nb4 31.Bb1 Bf8 32.Kg3 h5 33.f3 a5 34.Kf2 Bb5 35.
Bd2 Nc6 36.Ke3 Ba3 37.Bd3 Bxd3 38.Nxd3 Ne7 39.g4 Nc6 40.Be1 Kg7 41.Bf2 Be7
42.a4 g5 43.hxg5 hxg4 44.fxg4 Kg6 45.Kf3 Bxg5 46.Ke2 Bh6 47.Kd1 Bf8 48.Be3
Be7 49.Kc2 Bg5 50.Bf2 Bd8 51.Be3 Na7 52.b4 Bg5 53.Bf2 axb4 54.Nxb4 Be7 55.
Be1 Kg5 56.Kd3 Kxg4 57.Bd2 Kf3 58.Be1 Bd8 59.Bd2 f6 60.exf6 Bxf6 61.Be1 
Nc8 62.Nc6 Nd6 63.a5 bxa5 64.Nxa5 Bd8 65.Nb3 Bb6 66.Bb4 Ne4 67.Be1 Nf6 68.
Nd2+ Kg2 69.Nb3 Nh5 70.Bd2 Ng3 71.Bf4 Ne4 72.Be3 Bc7 73.Nd2 Nf6 74.Nb3 Bd6
75.Nd2 Bb4 76.Nb3 Kf3 77.Na1 Ng4 78.Nc2 Ba5 79.Bg1 Nf6 80.Be3 Ne4 81.Na3 
Be1 82.Nc2 Bf2 83.Bc1 Bg3 84.Be3 Bh4 85.Bg1 Kg2 86.Be3 Kf1 87.Nb4 Ke1 88.
Nc6 Kd1 89.Ne5 Bg3 90.Nf3 Nd6 91.Ng5 Nc4 92.Nxe6 Be1 93.Bf4 Ba5 94.Be5 Bd2
0-1

[Event "16th WCh U20 Girls"]
[Site "Kozhikode IND"]
[Date "1998.11.24"]
[Round "7"]
[White "Nguyen Thi Tuong Van"]
[Black "Lakos, Nikoletta"]
[Result "1/2-1/2"]
[WhiteElo "2220"]
[BlackElo "2385"]
[EventDate "1998.11.17"]
[PlyCount "138"]

1.e4 d5 2.exd5 Nf6 3.d4 Nxd5 4.c4 Nb6 5.Nc3 e5 6.d5 Bc5 7.Nf3 O-O 8.Be2 
Re8 9.O-O Bf5 10.Be3 N8d7 11.Bxc5 Nxc5 12.b4 Ne4 13.Nxe4 Bxe4 14.Qb3 a5 
15.a3 Qf6 16.Rad1 axb4 17.axb4 Qg6 18.Rd2 Nd7 19.Rfd1 b6 20.Qe3 Bxf3 21.
Qxf3 e4 22.Qc3 f5 23.c5 f4 24.f3 bxc5 25.d6 c6 26.bxc5 Qf5 27.fxe4 Qxc5+ 
28.Qxc5 Nxc5 29.d7 Red8 30.e5 Kf7 31.Rd6 Ke7 32.e6 Nxe6 33.Bg4 Nf8 34.Rxc6
Ra7 35.Re1+ Kf7 36.Rc8 Rdxd7 37.Bxd7 Rxd7 38.Rc4 Ne6 39.Rce4 Rd6 40.Rf1 g5
41.Ra1 Kf6 42.Rb4 h5 43.Rab1 Rd3 44.Rb6 Kf5 45.R1b5+ Kf6 46.Rb2 Re3 47.Kf2
h4 48.h3 Kf5 49.R2b5+ Kf6 50.Ra5 Rc3 51.Raa6 Re3 52.Rb2 Kf5 53.Ra5+ Kf6 
54.Re2 Rxe2+ 55.Kxe2 Nd4+ 56.Kd3 Nf5 57.Ra6+ Kf7 58.Ra5 Kf6 59.Ra6+ Kf7 
60.Ke4 Ne3 61.Ra2 Kf6 62.Ra6+ Kf7 63.Ke5 Kg7 64.Ke6 Kg6 65.Ra8 Kg7 66.Ra2 
Kg6 67.Rb2 Kg7 68.Ra2 Kg6 69.Ke5 Kg7 1/2-1/2

[Event "16th WCh U20 Girls"]
[Site "Kozhikode IND"]
[Date "1998.11.24"]
[Round "7"]
[White "Vijayalakshmi, Subbaraman"]
[Black "Sheldon, Ruth"]
[Result "0-1"]
[WhiteElo "2335"]
[BlackElo "2220"]
[EventDate "1998.11.17"]
[PlyCount "134"]

1.c4 g6 2.g3 Bg7 3.Bg2 Nf6 4.Nc3 O-O 5.d3 d6 6.Rb1 Nc6 7.e3 e5 8.b4 Bg4 9.
Nge2 Qd7 10.Nd5 Bh3 11.Bf3 Rab8 12.Ng1 Be6 13.a4 Ne7 14.e4 c6 15.Nxe7+ 
Qxe7 16.Bg2 d5 17.c5 Rfd8 18.Qc2 dxe4 19.dxe4 Rd4 20.Ne2 Rc4 21.Qb2 Nxe4 
22.O-O a5 23.Qa3 axb4 24.Rxb4 Qxc5 25.Rxc4 Qxc4 26.Be3 Bd5 27.Re1 Nf6 28.
Qd6 Ra8 29.Qxe5 Bxg2 30.Kxg2 Nd5 31.Qd6 Qe4+ 32.Kf1 Nxe3+ 33.fxe3 Qf3+ 34.
Kg1 Qxe3+ 35.Kf1 Qf3+ 36.Kg1 Qe3+ 37.Kf1 Re8 38.Qf4 Qxf4+ 39.Nxf4 Rxe1+ 
40.Kxe1 b5 41.axb5 Bc3+ 42.Ke2 cxb5 43.Kd3 b4 44.Nd5 Kg7 45.Nxc3 bxc3 46.
Kxc3 Kf6 47.Kd4 Kf5 48.h3 Ke6 49.Ke4 f5+ 50.Kf4 Kf6 51.Kf3 g5 52.Kf2 Ke5 
53.Ke3 h5 54.Kf3 Kd4 55.Ke2 Ke4 56.Kf2 f4 57.h4 fxg3+ 58.Kxg3 g4 59.Kf2 
Kd3 60.Kf1 Ke3 61.Kg2 Ke2 62.Kg3 Kf1 63.Kf4 Kf2 64.Kg5 g3 65.Kxh5 g2 66.
Kh6 g1=Q 67.h5 Qg4 0-1